The changing portrayal of adolescents in the media since 1950. / (Record no. 9557)
[ view plain ]
| 000 -LEADER | |
|---|---|
| fixed length control field | 02549cam a2200313 a 4500 |
| 001 - CONTROL NUMBER | |
| control field | 15125219 |
| 003 - CONTROL NUMBER IDENTIFIER | |
| control field | OSt |
| 005 - DATE AND TIME OF LATEST TRANSACTION | |
| control field | 20230427124019.0 |
| 008 - FIXED-LENGTH DATA ELEMENTS--GENERAL INFORMATION | |
| fixed length control field | 080102s2008 nyua 000 0 eng |
| 010 ## - LIBRARY OF CONGRESS CONTROL NUMBER | |
| LC control number | 2007052293 |
| 020 ## - INTERNATIONAL STANDARD BOOK NUMBER | |
| International Standard Book Number | 9780195342956 (pbk. : alk. paper) |
| 020 ## - INTERNATIONAL STANDARD BOOK NUMBER | |
| International Standard Book Number | 019534295X (pbk. : alk. paper) |
| 040 ## - CATALOGING SOURCE | |
| Original cataloging agency | DLC |
| Transcribing agency | LC |
| Modifying agency | DLC |
| 050 00 - LIBRARY OF CONGRESS CALL NUMBER | |
| Classification number | P94.5.Y72.C43 |
| 082 00 - DEWEY DECIMAL CLASSIFICATION NUMBER | |
| Classification number | 302.230835 |
| Edition number | 22 |
| 245 04 - TITLE STATEMENT | |
| Title | The changing portrayal of adolescents in the media since 1950. / |
| Statement of responsibility, etc. | [edited by] Patrick Jamieson, Daniel Romer. |
| 260 ## - PUBLICATION, DISTRIBUTION, ETC. | |
| Place of publication, distribution, etc. | New York: |
| Name of publisher, distributor, etc. | Oxford University Press, |
| Date of publication, distribution, etc. | 2008. |
| 300 ## - PHYSICAL DESCRIPTION | |
| Extent | xiv, 466 p. : |
| Other physical details | ill. ; |
| Dimensions | 23 cm. |
| 500 ## - GENERAL NOTE | |
| General note | Includes bibliographical references and index. |
| 505 ## - FORMATTED CONTENTS NOTE | |
| Formatted contents note | Contents: Introduction: mass media and the socialization of adolescents since world war II -- The Emergence and evolution of a youth culture in the media: Understanding the "Jackpot Market": media, marketing and the rise of the American teenager -- "Still talking about my generation!" The representation of youth in popular music -- Music videos: media of the youth, by the youth, for the youth -- Portrayal of adolescents and influential behaviors: It matters what young people watch: health risk behaviors portrayed in top-grossing movies since 1950 -- Adolescent gender role portrayals in the media: 1950 to the present -- Adolescent body image and eating in the media: trends and implications for adolescent health -- African Americans, Latinos, Asians and Native Americans in the media: implications for adolescents -- Adolescents and television violence -- Tobacco portrayals in U.S. advertising and entertainment media -- The changing portrayal of alcohol use in television advertising -- From twin beds to sex at your fingertips: teen sexuality in movies, music, television and the internet, 1950 to 2005 -- Evolving forms of media influence: The Games, they are a-Changin': technological advancements in video games and implications for effects on youth -- Adolescents and the internet -- Policy implications for healthy adolescent development: Policy interventions -- Conclusions -- |
| 650 #0 - SUBJECT ADDED ENTRY--TOPICAL TERM | |
| Topical term or geographic name entry element | Youth in mass media. |
| 9 (RLIN) | 1338 |
| 650 #0 - SUBJECT ADDED ENTRY--TOPICAL TERM | |
| Topical term or geographic name entry element | Mass media and youth. |
| 9 (RLIN) | 1339 |
| 700 1# - ADDED ENTRY--PERSONAL NAME | |
| Personal name | Jamieson, Patrick E., |
| 9 (RLIN) | 1340 |
| 700 1# - ADDED ENTRY--PERSONAL NAME | |
| Personal name | Romer, Daniel, |
| 9 (RLIN) | 1341 |
| 856 41 - ELECTRONIC LOCATION AND ACCESS | |
| Materials specified | Table of contents only |
| Uniform Resource Identifier | <a href="http://www.loc.gov/catdir/toc/ecip087/2007052293.html">http://www.loc.gov/catdir/toc/ecip087/2007052293.html</a> |
| 906 ## - LOCAL DATA ELEMENT F, LDF (RLIN) | |
| a | 7 |
| b | cbc |
| c | orignew |
| d | 1 |
| e | ecip |
| f | 20 |
| g | y-gencatlg |
| 942 ## - ADDED ENTRY ELEMENTS (KOHA) | |
| Source of classification or shelving scheme | Library of Congress Classification |
| Koha item type | Books |
| Withdrawn status | Lost status | Source of classification or shelving scheme | Damaged status | Not for loan | Home library | Current library | Shelving location | Date acquired | Total Checkouts | Full call number | Barcode | Date last seen | Price effective from | Koha item type |
|---|---|---|---|---|---|---|---|---|---|---|---|---|---|---|
| Library of Congress Classification | WISCONSIN INTERNATIONAL UNIVERSITY COLLEGE, GHANA KUMASI LIBRARY | WISCONSIN INTERNATIONAL UNIVERSITY COLLEGE, GHANA KUMASI LIBRARY | General Stacks | 15/03/2023 | P94.5.Y72.C43 | K/3076/0174/23 | 27/04/2023 | 27/04/2023 | Books |
